000 00703nam a22002057a 4500
005 20160226154959.0
008 160218b xxu||||| |||| 00| 0 eng d0
020 _a9788131234310
_c1075.00
035 _aB-621600
037 _bPatel Nagar/RP
082 _a617.51
100 _aDhingra,P.L.
245 _aDiseases of ear, nose & throat and head & neck surgery /
_cby P.L. Dhingra [and] Shruti Dhingra
250 _a6th ed
260 _bElsevier
_c2015
_aNew Delhi
300 _axiii,476p. :
_bill.
700 _aDhingra,Shruti
942 _2ddc
_cEN
_h617.51
_mDHI
999 _c98817
_d98817